El libro de la sexualidad/ (Registro nro. 4449)
[ vista simple ]
| 000 -LEADER | |
|---|---|
| fixed length control field | 00759nam a2200193Ia 4500 |
| 003 - CONTROL NUMBER IDENTIFIER | |
| control field | OSt |
| 005 - DATE AND TIME OF LATEST TRANSACTION | |
| control field | 20200929120454.0 |
| 008 - FIXED-LENGTH DATA ELEMENTS--GENERAL INFORMATION | |
| fixed length control field | 191128s1994 ck a gr 000 0 spa d |
| 040 ## - CATALOGING SOURCE | |
| Original cataloging agency | CO-JMCR |
| Transcribing agency | CO-JMCR |
| 041 0# - LANGUAGE CODE | |
| Language code of text/sound track or separate title | spa |
| 082 04 - DEWEY DECIMAL CLASSIFICATION NUMBER | |
| Classification number | 612.6 / |
| Item number | L697l |
| Edition number | 23 |
| 245 #0 - TITLE STATEMENT | |
| Title | El libro de la sexualidad/ |
| 260 ## - PUBLICATION, DISTRIBUTION, ETC. | |
| Place of publication, distribution, etc. | Bogotá : |
| Name of publisher, distributor, etc. | Casa editorial El Tiempo, |
| Date of publication, distribution, etc. | [1994?] |
| 300 ## - PHYSICAL DESCRIPTION | |
| Extent | 263 páginas : |
| Other physical details | fotografías a color ; |
| Dimensions | 30 cm. |
| 505 0# - FORMATTED CONTENTS NOTE | |
| Formatted contents note | La conquista del placer -- El desarrollo de la sexualidad -- La educación sentimental -- Psicobiología del amor -- El hombre -- La mujer -- Una nueva vida -- Sexualidad y sensualidad -- Transtornos sexuales -- Amores especiales |
| 650 24 - SUBJECT ADDED ENTRY--TOPICAL TERM | |
| Topical term or geographic name entry element | Sexo |
| General subdivision | Educación |
| 9 (RLIN) | 10959 |
| 650 24 - SUBJECT ADDED ENTRY--TOPICAL TERM | |
| Topical term or geographic name entry element | Sexualidad |
| 9 (RLIN) | 10960 |
| 942 ## - ADDED ENTRY ELEMENTS (KOHA) | |
| Source of classification or shelving scheme | Dewey Decimal Classification |
| Koha item type | Computer Files |
| Withdrawn status | Lost status | Source of classification or shelving scheme | Materials specified (bound volume or other part) | Damaged status | Not for loan | Home library | Current library | Shelving location | Date acquired | Source of acquisition | Total Checkouts | Full call number | Barcode | Date last seen | Date last checked out | Copy number | Price effective from | Koha item type |
|---|---|---|---|---|---|---|---|---|---|---|---|---|---|---|---|---|---|---|
| Dewey Decimal Classification | Donación -- 02/10/2018-- | Biblioteca Pública José María del Castillo y Rada | Biblioteca Pública José María del Castillo y Rada | General Stacks | 11/28/2019 | Donación | 3 | 612.6 / L697l | 201809316 | 04/22/2026 | 04/22/2026 | Ej.1 | 11/28/2019 | Books |